Name the Series in the Mario Franchise - Statistics

General Stats
  • This quiz has been taken 107 times
  • The average score is 7 of 13
Answer Stats
First Game Games Series % Correct
1985 21 Super Mario
98%
1992 14 Mario Kart
84%
1998 12 Mario Party
68%
1995 7 Mario Tennis
57%
1987 7 Mario Golf
56%
2003 7 Mario & Luigi
53%
2005 2 Mario Strikers
48%
2000 6 Paper Mario
48%
2007 6 Mario & Sonic at the Olympic Games
46%
2004 7 Mario vs. Donkey Kong
40%
2005 2 Mario Baseball
36%
1990 6 Dr. Mario
33%
1995 3 Mario's Picross
11%
No matching quizzes found
Score Distribution
Percent of People with Each Score
Percentile by Number Answered
Your Score History
You have not taken this quiz